1775 1064 1067 1006 1323 1325 1955 1064 1059 1311 1029 1135 1897 1002 1664 1282 1823 1633 1416 1352 1255 1572 1556 1343 1206 1620 1034 1032 1499 1801 1517 1601 1429 1230 1873 1584 1260 1337 1793 1432 1335 1234 1807 1300 1302 1469 1184 1158 1304 1458 1972 1304 1198 1048 1322 1991 1533 1027 1492 1646 1429 1613 1185 1227 1159 1666 1728 1362 1613 1918 1892 1593 1132 1764 1949 1418 1525 1992 1802 1199 1904 1092 1837 1557 1866 1385 1382 1181 1598 1138 1354 1924 1587 1589 1133 1350 1655 1669 1898 BCNSPRNW ULIB Ver.6.0+V

เปลี่ยนเป็นภาษาไทย

Change to English
 แสดงรายละเอียดบรรณานุกรม
  กลับหน้าหลัก

Brief Record : Get Marc (ISO 2709) : E-mail record : QR code < ปิดหน้าต่าง
LEADER : 00000nam 2200000uu 4500
001    13399125675
003     ULIB
008    170714s2559||||th 000 0 tha d
020    ^a9786163948984
060  0 ^aWA100^bS187H
100 0  ^asamuel umereweneza
245 00 ^aHEALTH GUIDING PRINCIPLES A Preventive and Christian Perspective /^csamuel umereweneza
250    ^aSecond Edition
260    ^aNakhon Pathom :^bPhetkasemm ;^cม.ป.ป.
300    ^a334 หน้า ;^c19 ซม.
650  0 ^aHEALTH^xHealth Care
945    ^p0^l0^i002658
945    ^p0^l0^i002659
999    ^aประนอม เกษจรัล
รายการนี้ยังไม่มีแท็ก
คุณยังไม่ได้ล็อกอิน คุณสามารถมีกิจกรรมร่วมกับเว็บไซต์ได้ แต่ต้องล็อกอินก่อน ::
  ล็อกอิน

รายการสื่อสารสนเทศ

ลำดับที่ ประเภท เลขเรียก/บาร์โค้ด สถานที่ สถานะ
1. วิทยาศาสตร์การแพทย์ และสุขภาพ
วิทยาศาสตร์การแพทย์ และสุขภาพ
WA100 S187H ฉ.1 
  Barcode: 002658
ห้องสมุดวิทยาเขตสวรรค์ประชารักษ์
►หนังสือทั่วไป
บนชั้น
2. วิทยาศาสตร์การแพทย์ และสุขภาพ
วิทยาศาสตร์การแพทย์ และสุขภาพ
WA100 S187H ฉ.2 
  Barcode: 002659
ห้องสมุดวิทยาเขตสวรรค์ประชารักษ์
►หนังสือทั่วไป
บนชั้น

รายการใกล้เคียง
    ผู้แต่ง [samuel umereweneza]

BibComment


ยังไม่เคยถูกคอมเมนท์

คอมเมนท์ทรัพยากรรายการนี้
  คอมเมนท์: HEALTH GUIDING P..


 Copyright 2026. Bcnsprnw @Library